[Event "FIDE World Rapid Team"]
[Site "London ENG"]
[Date "2025.06.11"]
[Round "3.3"]
[White "Agmanov, Zhandos"]
[Black "Waldhausen Gordon, Frederick"]
[Result "1-0"]
[WhiteTitle "IM"]
[BlackTitle "FM"]
[WhiteElo "2481"]
[BlackElo "2395"]
[WhiteTeam "Barys.kz"]
[BlackTeam "Wood Green Youth"]
[WhiteFideId "13708309"]
[BlackFideId "2409143"]
[EventDate "2025.06.11"]
[EventType "team"]

1. e4 e5 2. Nf3 Nc6 3. Bb5 a6 4. Ba4 Nf6 5. O-O Be7 6. Re1 b5 7. Bb3 O-O 8. a4
Bb7 9. d3 d6 10. Bd2 Nd7 11. axb5 axb5 12. Rxa8 Qxa8 13. Nc3 Nc5 14. Nxb5 Nxb3
15. cxb3 Rc8 16. Na3 Rb8 17. Qc2 Bc8 18. Rc1 Bd7 19. b4 Bd8 20. b5 Na7 21. d4
exd4 22. Nxd4 Nxb5 23. Naxb5 Bxb5 24. Nf5 Bd7 25. Bc3 Bxf5 26. exf5 Qd5 27. Rd1
Qb3 28. Re1 Kf8 29. f6 Bxf6 30. Qxh7 Be5 31. f4 f6 32. fxe5 dxe5 33. h3 Re8 34.
Kh2 c5 35. Re3 Qf7 36. Qh8+ Ke7 37. Qh4 Kf8 38. Rg3 Kg8 39. Re3 Qe6 40. Qg4 Qd6
41. Qc4+ Re6 42. Rd3 Qc6 43. Qd5 Qc8 44. Qd8+ Qxd8 45. Rxd8+ Kf7 46. Rc8 e4 47.
Rxc5 e3 48. Kg3 1-0

[Event "FIDE World Rapid Team"]
[Site "London ENG"]
[Date "2025.06.11"]
[Round "3.4"]
[White "O'Donnell, Conor"]
[Black "Mamedov, Edgar"]
[Result "1/2-1/2"]
[WhiteTitle "FM"]
[BlackTitle "IM"]
[WhiteElo "2301"]
[BlackElo "2509"]
[WhiteTeam "Wood Green Youth"]
[BlackTeam "Barys.kz"]
[WhiteFideId "2504243"]
[BlackFideId "13739980"]
[EventDate "2025.06.11"]
[EventType "team"]

1. d4 d5 2. c4 e6 3. Nc3 Nf6 4. cxd5 exd5 5. Bg5 c6 6. e3 Bd6 7. Bd3 O-O 8. Qc2
h6 9. Bh4 Re8 10. Nf3 Bg4 11. O-O Nbd7 12. Bg3 Qe7 13. Bxd6 Qxd6 14. Nd2 Rac8
15. Rac1 Bh5 16. Rfe1 c5 17. dxc5 Nxc5 18. Bf5 Ne6 19. Qa4 a6 20. Nb3 Rc4 21.
Qa5 Qe5 22. Bd3 Ng4 23. g3 Ng5 24. Bxc4 Nf3+ 25. Kg2 Nh4+ 26. Kg1 Nf3+ 27. Kg2
Nxe1+ 28. Rxe1 dxc4 29. Qxe5 Nxe5 30. Nd4 b5 31. f3 Rd8 32. g4 Bg6 33. Re2 f6
34. Kg3 Bf7 35. Ne4 Nd3 36. Nf5 Be6 37. Nd4 Bd5 38. Nc3 Bb7 39. Nf5 Ne5 40. Nd4
Nc6 41. Nxc6 Bxc6 42. Rc2 Bb7 43. h4 Kf7 44. h5 Bc6 45. Ne2 Rd1 46. Nd4 Bd5 47.
b3 Rd3 48. Kf4 c3 49. b4 Bc4 50. a3 Bd5 51. Rc1 Kf8 52. Ne2 c2 53. Rxc2 Rxa3 54.
Rc8+ Kf7 1/2-1/2

[Event "FIDE World Rapid Team"]
[Site "London ENG"]
[Date "2025.06.11"]
[Round "3.5"]
[White "Balabayeva, Xeniya"]
[Black "Camp, Imogen A L"]
[Result "1-0"]
[WhiteTitle "WGM"]
[BlackTitle "WCM"]
[WhiteElo "2352"]
[BlackElo "1915"]
[WhiteTeam "Barys.kz"]
[BlackTeam "Wood Green Youth"]
[WhiteFideId "13719688"]
[BlackFideId "1802240"]
[EventDate "2025.06.11"]
[EventType "team"]

1. d4 d5 2. Bf4 Nf6 3. e3 e6 4. Nf3 Bd6 5. Ne5 c5 6. Bb5+ Ke7 7. O-O a6 8. Be2
Nc6 9. c4 Qc7 10. cxd5 Nxd5 11. Nxc6+ Qxc6 12. Bxd6+ Qxd6 13. Bf3 cxd4 14. Qxd4
Nf6 15. Qc3 Rd8 16. Na3 Qb6 17. Nc4 Qc5 18. b4 Qc7 19. Rac1 Bd7 20. Na5 Qxc3 21.
Rxc3 Rac8 22. Rxc8 Bxc8 23. Nxb7 Rd2 24. Ra1 Rb2 25. Na5 Bd7 26. a3 e5 27. Nc4
Rc2 28. Nxe5 Be6 29. Nd3 1-0

[Event "FIDE World Rapid Team"]
[Site "London ENG"]
[Date "2025.06.11"]
[Round "3.6"]
[White "Ivanov, Elizabeth"]
[Black "Nurakyn, Suleiman"]
[Result "0-1"]
[WhiteElo "1738"]
[BlackElo "1773"]
[WhiteTeam "Wood Green Youth"]
[BlackTeam "Barys.kz"]
[WhiteFideId "427284"]
[BlackFideId "447003073"]
[EventDate "2025.06.11"]
[EventType "team"]

1. e4 c6 2. Nc3 d5 3. Nf3 dxe4 4. Nxe4 Nf6 5. Nxf6+ exf6 6. Be2 Bd6 7. O-O O-O
8. d4 Re8 9. c3 Nd7 10. Qc2 Nf8 11. Be3 Qc7 12. h3 Be6 13. Rfe1 Ng6 14. Bd3 Bd5
15. Qd1 Bf4 16. Bxg6 hxg6 17. Bxf4 Qxf4 18. Nh2 Qg5 19. Qg4 Qd2 20. Nf1 Rxe1 0-1

[Event "FIDE World Rapid Team"]
[Site "London ENG"]
[Date "2025.06.11"]
[Round "3.1"]
[White "Samadov, Read"]
[Black "Bjerre, Jonas Buhl"]
[Result "1/2-1/2"]
[WhiteTitle "IM"]
[BlackTitle "GM"]
[WhiteElo "2522"]
[BlackElo "2651"]
[WhiteTeam "Rookies"]
[BlackTeam "¡Ållez-Y Initiative!"]
[WhiteFideId "13417444"]
[BlackFideId "1444948"]
[EventDate "2025.06.11"]
[EventType "team"]

1. d4 Nf6 2. c4 e6 3. Nf3 Bb4+ 4. Nbd2 d6 5. g3 O-O 6. Bg2 a5 7. O-O a4 8. Qc2
Bd7 9. e4 Nc6 10. e5 dxe5 11. dxe5 Ng4 12. Qe4 f5 13. exf6 Nxf6 14. Qe2 e5 15.
a3 Bc5 16. Ne4 Nxe4 17. Qxe4 Bf5 18. Qd5+ Qxd5 19. cxd5 Nd4 20. Be3 Bd3 21. Rfd1
Be2 22. Nxd4 Bxd1 23. Ne6 Bxe3 24. fxe3 Bb3 25. Nxf8 Rxf8 26. Rc1 Rf7 27. e4 c6
28. Bh3 Rf3 29. Be6+ Kf8 30. dxc6 bxc6 31. Rxc6 Rd3 32. Bxb3 axb3 33. Rb6 1/2-1/2

[Event "FIDE World Rapid Team"]
[Site "London ENG"]
[Date "2025.06.11"]
[Round "3.2"]
[White "Jacobsen, Mikkel Manosri"]
[Black "Royal, Shreyas"]
[Result "0-1"]
[WhiteTitle "FM"]
[BlackTitle "GM"]
[WhiteElo "2223"]
[BlackElo "2492"]
[WhiteTeam "¡Ållez-Y Initiative!"]
[BlackTeam "Rookies"]
[WhiteFideId "1444514"]
[BlackFideId "448869"]
[EventDate "2025.06.11"]
[EventType "team"]

1. d4 Nf6 2. Nf3 d5 3. Bf4 c5 4. e3 Nc6 5. Nbd2 cxd4 6. exd4 Bf5 7. c3 e6 8. Nh4
Bg4 9. Qb3 Bd6 10. Be3 Qc7 11. h3 Bh5 12. g4 Bg6 13. Nxg6 hxg6 14. Bg2 Rb8 15.
a4 a6 16. Qd1 Bf4 17. Qf3 Bxe3 18. fxe3 g5 19. O-O Ne7 20. e4 Ng6 21. exd5 Nh4
22. Qe3 Nxg2 23. Kxg2 Qh2+ 24. Kxh2 Nxg4+ 25. Kg3 Nxe3 26. dxe6 Nxf1+ 27. Rxf1
fxe6 28. Nc4 Rh6 29. a5 Ke7 30. Ne5 Rf6 31. Ra1 Rh8 32. Ra4 Rfh6 33. Kg2 g4 34.
Nxg4 Rh5 35. Rc4 Kd6 36. Ne5 Rg5+ 37. Kf2 Rf8+ 38. Ke3 Rg3+ 39. Ke4 g5 40. Nd3
Rff3 0-1

[Event "FIDE World Rapid Team"]
[Site "London ENG"]
[Date "2025.06.11"]
[Round "3.3"]
[White "Sapenov, Daniyal"]
[Black "Muetsch, Annmarie"]
[Result "1/2-1/2"]
[WhiteTitle "IM"]
[BlackTitle "WIM"]
[WhiteElo "2405"]
[BlackElo "2271"]
[WhiteTeam "Rookies"]
[BlackTeam "¡Ållez-Y Initiative!"]
[WhiteFideId "13728911"]
[BlackFideId "12971367"]
[EventDate "2025.06.11"]
[EventType "team"]

1. Nf3 d6 2. e4 Nf6 3. Nc3 e5 4. Bc4 Be7 5. d3 h6 6. h3 c6 7. O-O Nbd7 8. a4 a5
9. Re1 Nf8 10. d4 Qc7 11. Be3 Ng6 12. Qd2 Nh5 13. Rad1 Nhf4 14. Kh2 O-O 15. Bf1
f5 16. dxe5 dxe5 17. exf5 Bxf5 18. Bxf4 exf4 19. Bd3 Bb4 20. Bxf5 Rxf5 21. Qd3
Raf8 22. Kg1 Qf7 23. Re4 Kh8 24. Rde1 Rf6 25. Rd4 Re6 26. Rxe6 Qxe6 27. Ne4 Ne5
28. Nxe5 Qxe5 29. c3 Be7 30. Nd2 Qe1+ 31. Qf1 Qe6 32. Nf3 Bc5 33. Rd2 Re8 34.
Qd1 Bb6 35. Qc2 Kg8 36. Qd3 Rd8 37. Qc2 Rxd2 38. Qxd2 Qe4 39. Qd1 Kh7 40. b3 Bc5
41. Kf1 b6 42. Ne1 Kg6 43. Nd3 Bd6 44. Nb2 Bc5 45. Qd3 Qxd3+ 46. Nxd3 Bd6 47.
Ke2 Kf5 48. f3 Ke6 49. Nb2 b5 50. Kd3 Kd5 51. Nd1 Ba3 52. Nf2 Be7 53. Ne4 Bf8
54. Nd2 Be7 55. Ne4 Bf8 56. Kc2 Be7 57. Nd2 Bd8 58. Ne4 Be7 59. Nf2 Bf8 60. Nd3
Bd6 61. Nb2 Bc7 62. Kd3 Bd8 63. Nd1 Bc7 64. Nf2 Bd8 65. Ne4 Be7 66. Kd2 Bf8 67.
Kc2 Be7 68. Kd3 Bf8 69. Nd2 Be7 70. Kc2 Bf8 71. Ne4 1/2-1/2

[Event "FIDE World Rapid Team"]
[Site "London ENG"]
[Date "2025.06.11"]
[Round "3.4"]
[White "Loftgaard, Mikkel Vinh"]
[Black "Akhilbay, Imangali"]
[Result "0-1"]
[WhiteTitle "FM"]
[BlackTitle "FM"]
[WhiteElo "2243"]
[BlackElo "2385"]
[WhiteTeam "¡Ållez-Y Initiative!"]
[BlackTeam "Rookies"]
[WhiteFideId "1468480"]
[BlackFideId "13734857"]
[EventDate "2025.06.11"]
[EventType "team"]

1. e4 e6 2. d4 d5 3. Bd3 dxe4 4. Bxe4 Nf6 5. Bf3 c5 6. Ne2 Be7 7. O-O O-O 8. Be3
Qc7 9. dxc5 Bxc5 10. Bxc5 Qxc5 11. Nd2 Nc6 12. Nb3 Qb6 13. c3 Rd8 14. Qc2 Ne5
15. Ned4 a5 16. Rfe1 Nxf3+ 17. Nxf3 a4 18. Nbd4 Bd7 19. Ne5 Be8 20. Rad1 Rac8
21. Ndf3 h6 22. h3 Qa5 23. Rxd8 Rxd8 24. Rd1 Rc8 25. Qd2 a3 26. b4 Qa4 27. Rc1
Nd5 28. Nd3 Qb5 29. Nd4 Qc4 30. Nc5 b6 31. Ne4 Rd8 32. Qe2 Bb5 33. Qg4 Nxc3 34.
Rxc3 Qxd4 35. Qf3 f5 36. Ng3 Qd1+ 37. Qxd1 Rxd1+ 38. Kh2 Rd2 39. Rxa3 Rxf2 40.
Kg1 Rd2 41. Nh5 Bc6 42. Rg3 g5 43. h4 g4 44. Nf4 Kf7 45. Rc3 Rd6 46. Rc2 e5 47.
Nd3 Kf6 48. Nb2 g3 49. a4 Bxa4 50. Rc3 f4 51. Rd3 Rxd3 52. Nxd3 Bb5 53. Nc1 Bc4 0-1

[Event "FIDE World Rapid Team"]
[Site "London ENG"]
[Date "2025.06.11"]
[Round "3.5"]
[White "Nurman, Alua"]
[Black "Jalving, August"]
[Result "1-0"]
[WhiteTitle "WGM"]
[BlackTitle "CM"]
[WhiteElo "2339"]
[BlackElo "2306"]
[WhiteTeam "Rookies"]
[BlackTeam "¡Ållez-Y Initiative!"]
[WhiteFideId "13729390"]
[BlackFideId "1471759"]
[EventDate "2025.06.11"]
[EventType "team"]

1. e4 c5 2. Nf3 d6 3. d4 cxd4 4. Nxd4 Nf6 5. Nc3 a6 6. h3 e6 7. g4 d5 8. Bg2 Bb4
9. Bg5 dxe4 10. O-O Be7 11. Nxe4 Nxe4 12. Bxe7 Qxe7 13. Bxe4 h5 14. Re1 e5 15.
Bf5 O-O 16. Bxc8 Rxc8 17. Nf5 Qf6 18. c3 Nc6 19. Qf3 g6 20. Nh6+ Kg7 21. Qxf6+
Kxf6 22. g5+ Kg7 23. f4 exf4 24. Re4 Rf8 25. Rd1 Rad8 26. Rxd8 Rxd8 27. Rxf4 Rf8
28. Rf6 Ne5 29. h4 Rd8 30. Rf2 Rd6 31. Re2 Re6 32. Kg2 Nd3 33. Rd2 Re3 34. c4 f6
35. b3 fxg5 36. hxg5 Nf4+ 37. Kf2 Re7 38. Kg3 Ne2+ 39. Kf3 Nc3 40. Kf4 Ne2+ 41.
Kf3 Ng1+ 42. Kg3 h4+ 43. Kf4 h3 44. Ng4 Ne2+ 45. Kf3 Ng1+ 46. Kg3 Ne2+ 47. Kxh3
Nf4+ 48. Kg3 Nh5+ 49. Kg2 Nf4+ 50. Kf3 Ne6 51. Rd5 Rf7+ 52. Kg3 Rf5 53. Rd7+ Rf7
54. Rxf7+ Kxf7 55. Ne5+ Kg7 56. Kg4 a5 57. Nf3 Nc5 58. Nd4 Nd3 59. Ne6+ Kg8 60.
Nd4 a4 61. bxa4 Nb2 62. c5 Nxa4 63. c6 bxc6 64. Nxc6 Kf7 65. Ne5+ Kg7 66. Kf3
Kh7 67. Ke3 Nc5 68. Nf3 Kg7 69. Kd4 Na4 70. Ne5 Nb6 71. Kc5 Nc8 72. a4 Kf8 73.
Nxg6+ Kf7 74. Nf4 Ne7 75. a5 Nc8 76. a6 Ke7 77. Kc6 Kd8 78. Kb7 Nd6+ 79. Kb8 1-0

[Event "FIDE World Rapid Team"]
[Site "London ENG"]
[Date "2025.06.11"]
[Round "3.6"]
[White "McCallum, Elliot"]
[Black "Watson, Mikey J"]
[Result "0-1"]
[WhiteElo "1924"]
[BlackElo "1984"]
[WhiteTeam "¡Ållez-Y Initiative!"]
[BlackTeam "Rookies"]
[WhiteFideId "2645718"]
[BlackFideId "442690"]
[EventDate "2025.06.11"]
[EventType "team"]

1. e4 c5 2. c3 d5 3. exd5 Qxd5 4. d4 Nf6 5. Nf3 cxd4 6. cxd4 e6 7. Nc3 Qd8 8.
Bd3 Nc6 9. O-O Be7 10. Be3 O-O 11. Ne5 Nb4 12. Bb1 b6 13. a3 Nbd5 14. Nc6 Qd7
15. Nxe7+ Qxe7 16. Qd3 h6 17. Nxd5 exd5 18. Ba2 Bb7 19. Rac1 Rac8 20. Rfe1 Qd6
21. Bd2 Rxc1 22. Rxc1 Re8 23. Qf3 Rc8 24. Rxc8+ Bxc8 25. h3 Ne4 26. Bf4 Qc6 27.
Bb1 f5 28. Qb3 Be6 29. Bd3 g5 30. Be5 Qc1+ 31. Bf1 Qxf1+ 32. Kxf1 Nd2+ 33. Ke2
Nxb3 34. Kd3 Na5 35. b4 Nc4 36. Bb8 Nxa3 37. Bxa7 Nc4 38. Bb8 Kf7 39. f4 Kg6 40.
Ke2 Bd7 41. Kf3 Ba4 42. fxg5 hxg5 43. Ke2 Bc2 44. g3 Be4 45. Bc7 Kh5 46. Bd8 b5
47. Kf2 Na3 48. Be7 Nc2 49. Bc5 f4 50. gxf4 gxf4 51. Bd6 f3 52. Bc5 Kh4 53. Kf1
Kxh3 54. Kf2 Kg4 55. Kf1 Ne3+ 56. Kg1 Nd1 57. Bd6 f2+ 58. Kf1 Kf3 0-1

[Event "FIDE World Rapid Team"]
[Site "London ENG"]
[Date "2025.06.11"]
[Round "3.1"]
[White "Fernandez, Daniel Howard"]
[Black "Harvey, Marcus R"]
[Result "1/2-1/2"]
[WhiteTitle "GM"]
[BlackTitle "IM"]
[WhiteElo "2484"]
[BlackElo "2445"]
[WhiteTeam "English Knightmares"]
[BlackTeam "Wood Green"]
[WhiteFideId "5801605"]
[BlackFideId "400092"]
[EventDate "2025.06.11"]
[EventType "team"]

1. e4 c6 2. d4 d5 3. exd5 cxd5 4. Bd3 Nc6 5. c3 Qc7 6. h3 Nf6 7. Nf3 e6 8. O-O
Bd6 9. Bg5 h6 10. Bxf6 gxf6 11. c4 dxc4 12. Bxc4 Ne7 13. Nbd2 f5 14. Rc1 Qd8 15.
Ne5 Bxe5 16. dxe5 Bd7 17. Qe2 Bc6 18. Bb5 Bxb5 19. Qxb5+ Qd7 20. Qb4 Nd5 21. Qh4
Qe7 22. Qa4+ Kf8 23. Nf3 Kg7 24. Rc2 Kh7 25. Rd1 Rhg8 26. Rcd2 Rg7 27. g3 Qc5
28. Kg2 Rd8 29. Qh4 Rd7 30. b4 Qc6 31. Kh2 Ne3 32. Rxd7 Qxf3 33. fxe3 Qf2+ 34.
Kh1 Qf3+ 35. Kh2 Qf2+ 36. Kh1 Qf3+ 37. Kh2 1/2-1/2

[Event "FIDE World Rapid Team"]
[Site "London ENG"]
[Date "2025.06.11"]
[Round "3.2"]
[White "Wadsworth, Matthew J"]
[Black "Badacsonyi, Stanley"]
[Result "1-0"]
[WhiteTitle "IM"]
[BlackTitle "FM"]
[WhiteElo "2481"]
[BlackElo "2300"]
[WhiteTeam "Wood Green"]
[BlackTeam "English Knightmares"]
[WhiteFideId "415804"]
[BlackFideId "486973"]
[EventDate "2025.06.11"]
[EventType "team"]

1. c4 Nf6 2. g3 g6 3. Bg2 Bg7 4. Nc3 d6 5. d4 O-O 6. h3 c5 7. e3 Nc6 8. Nge2
cxd4 9. exd4 e5 10. Be3 Nxd4 11. Nxd4 exd4 12. Bxd4 Re8+ 13. Kf1 Bd7 14. Rc1 Bc6
15. Bxc6 bxc6 16. Kg2 Qd7 17. b3 Re6 18. Qf3 Rae8 19. Rhd1 Ne4 20. Nxe4 Rxe4 21.
Bxg7 Kxg7 22. Rd2 R4e6 23. Rcd1 Kg8 24. Qf4 Rd8 25. h4 h5 26. Rd3 Qe7 27. Qf3
Rf6 28. Re3 Rxf3 29. Rxe7 Rf6 30. Rxa7 Re8 31. Rd2 Re5 32. Rd7 Ree6 33. a4 d5
34. cxd5 cxd5 35. R7xd5 Rb6 36. R2d3 Rbc6 37. b4 Rc4 38. R5d4 Rc2 39. Rd2 Rc1
40. Rb2 Ra1 41. b5 Rb6 42. Rd8+ Kg7 43. Ra8 f6 44. a5 g5 45. Ra7+ 1-0

[Event "FIDE World Rapid Team"]
[Site "London ENG"]
[Date "2025.06.11"]
[Round "3.3"]
[White "Shearsby, Jude"]
[Black "Czopor, Maciej"]
[Result "0-1"]
[WhiteTitle "CM"]
[BlackTitle "IM"]
[WhiteElo "2160"]
[BlackElo "2423"]
[WhiteTeam "English Knightmares"]
[BlackTeam "Wood Green"]
[WhiteFideId "462527"]
[BlackFideId "21805431"]
[EventDate "2025.06.11"]
[EventType "team"]

1. e4 c5 2. Nf3 e6 3. d4 cxd4 4. Nxd4 Nf6 5. Nc3 Nc6 6. Ndb5 Bc5 7. Nd6+ Ke7 8.
Bf4 e5 9. Nf5+ Kf8 10. Bg5 Bb4 11. a3 Bxc3+ 12. bxc3 d5 13. Bxf6 Qxf6 14. Qxd5
Bxf5 15. exf5 Qxf5 16. Bd3 Qf6 17. O-O Rd8 18. Qb5 Rd7 19. Rad1 g6 20. Be4 Re7
21. Qc5 Kg7 22. Rd6 Re6 23. Rxe6 Qxe6 24. Bxc6 bxc6 25. Qxa7 Rd8 26. Qe3 Ra8 27.
Ra1 Ra4 28. Qb6 Qd5 29. Qb3 Qa5 30. h3 h5 31. c4 h4 32. Qd3 Qc5 33. Re1 Rxa3 34.
Qe4 Rc3 35. Qxe5+ Qxe5 36. Rxe5 Rxc4 37. Re2 Ra4 38. Re3 Rc4 39. Re2 f5 40. Kf1
Kf6 41. Ke1 g5 42. Kd2 g4 43. Re3 Rd4+ 44. Rd3 Ke5 45. Ke3 f4+ 46. Ke2 f3+ 47.
Kf1 Rxd3 48. cxd3 gxh3 49. gxf3 Kf4 50. Kg1 Kxf3 51. Kh2 Kxf2 52. Kxh3 Ke3 0-1

[Event "FIDE World Rapid Team"]
[Site "London ENG"]
[Date "2025.06.11"]
[Round "3.4"]
[White "Willow, Jonah B"]
[Black "Banerjee, Supratit"]
[Result "1/2-1/2"]
[WhiteTitle "IM"]
[BlackTitle "FM"]
[WhiteElo "2470"]
[BlackElo "2311"]
[WhiteTeam "Wood Green"]
[BlackTeam "English Knightmares"]
[WhiteFideId "438804"]
[BlackFideId "2410079"]
[EventDate "2025.06.11"]
[EventType "team"]

1. e4 e6 2. d4 d5 3. e5 c5 4. c3 Nc6 5. Nf3 Qb6 6. a3 Nh6 7. Bd3 cxd4 8. O-O Nf5
9. b4 Bd7 10. Bxf5 exf5 11. Nxd4 Nxd4 12. Be3 Be6 13. Bxd4 Qc6 14. Nd2 Be7 15.
Re1 b6 16. Nf3 g5 17. Be3 h6 18. Nd4 Qd7 19. a4 Rc8 20. Bd2 Kf8 21. a5 Kg7 22.
Qe2 bxa5 23. Rxa5 Bd8 24. Ra3 Bb6 25. Nb5 f4 26. Nd6 Rc6 27. Qd3 Rd8 28. Rea1
Rxd6 29. exd6 Qxd6 30. Rxa7 Bxa7 31. Rxa7 Qe5 32. Ra1 Qe4 33. Qd4+ Qxd4 34. cxd4
Rb8 35. f3 Kg6 36. Kf2 Kf5 37. Ra5 h5 38. Ra1 g4 39. Re1 f6 40. g3 fxg3+ 41.
hxg3 gxf3 42. Kxf3 Bd7 43. Re7 Bb5 44. Rh7 Kg6 45. Rh6+ Kg7 46. Rxh5 Bc4 47. Rh1
Ra8 48. Re1 Kf7 49. Rh1 Kg7 50. Re1 Kf7 51. Rh1 Ke6 1/2-1/2

[Event "FIDE World Rapid Team"]
[Site "London ENG"]
[Date "2025.06.11"]
[Round "3.5"]
[White "Hng, Mei-En Emmanuelle"]
[Black "Kueh, Audrey"]
[Result "1-0"]
[WhiteTitle "WFM"]
[BlackTitle "WFM"]
[WhiteElo "2136"]
[BlackElo "2054"]
[WhiteTeam "English Knightmares"]
[BlackTeam "Wood Green"]
[WhiteFideId "5804566"]
[BlackFideId "421596"]
[EventDate "2025.06.11"]
[EventType "team"]

1. Nf3 d5 2. c4 e6 3. d4 Nf6 4. Nc3 c5 5. cxd5 Nxd5 6. e4 Nxc3 7. bxc3 cxd4 8.
cxd4 Bb4+ 9. Bd2 Bxd2+ 10. Qxd2 O-O 11. Bd3 e5 12. d5 Re8 13. O-O Bg4 14. Ne1
Nd7 15. h3 Bh5 16. Bb5 a6 17. Bxd7 Qxd7 18. Nd3 Bg6 19. f3 f5 20. Rfe1 fxe4 21.
fxe4 Rac8 22. Qe3 Qd6 23. Rac1 b6 24. Qd2 Rxc1 25. Qxc1 h6 26. Qb2 Kh7 27. Qb4
Qf6 28. Rf1 Qg5 29. Nf2 b5 30. d6 Rd8 31. Qc5 Qf4 32. Qc7 Qf6 33. Rd1 b4 34. Ng4
Qg5 35. Qc5 Bxe4 36. Qxe5 Qg6 37. Qe7 Rc8 38. d7 Rc2 39. Nf6+ Qxf6 40. Qxe4+ 1-0

[Event "FIDE World Rapid Team"]
[Site "London ENG"]
[Date "2025.06.11"]
[Round "3.6"]
[White "Barwick, Carmel"]
[Black "Ivanov, George"]
[Result "1-0"]
[WhiteElo "1915"]
[BlackElo "1879"]
[WhiteTeam "Wood Green"]
[BlackTeam "English Knightmares"]
[WhiteFideId "442925"]
[BlackFideId "427292"]
[EventDate "2025.06.11"]
[EventType "team"]

1. Nf3 d5 2. b3 Nf6 3. Bb2 b6 4. g3 Bb7 5. Bg2 Nbd7 6. O-O c5 7. d3 Qc7 8. Nbd2
e5 9. Re1 Bd6 10. e4 d4 11. a4 O-O 12. Nc4 a6 13. Qd2 b5 14. axb5 axb5 15. Nxd6
Qxd6 16. Nh4 Rfc8 17. Nf5 Qf8 18. f4 g6 19. fxe5 Nxe5 20. Nh6+ Kh8 21. Qf4 Nfd7
22. Rf1 f6 23. Ng4 Nxg4 24. Qxg4 Ne5 25. Qh4 Kg7 26. Bc1 Rxa1 27. Bh6+ Kg8 28.
Bxf8 Rxf1+ 29. Kxf1 Rxf8 30. Ke2 Kg7 31. Qf4 Ra8 32. Kd2 Bc8 33. h3 Ra7 34. g4
h6 35. Qf2 g5 36. b4 Rd7 1-0

[Event "FIDE World Rapid Team"]
[Site "London ENG"]
[Date "2025.06.11"]
[Round "3.1"]
[White "Ghasi, Ameet K"]
[Black "Kogan, Arthur"]
[Result "1-0"]
[WhiteTitle "GM"]
[BlackTitle "GM"]
[WhiteElo "2513"]
[BlackElo "2475"]
[WhiteTeam "Sharks 4NCL"]
[BlackTeam "OlalaStars"]
[WhiteFideId "409200"]
[BlackFideId "2800802"]
[EventDate "2025.06.11"]
[EventType "team"]

1. Nf3 d5 2. c4 d4 3. b4 Nf6 4. g3 c5 5. Bg2 cxb4 6. a3 bxa3 7. Bxa3 Nc6 8. O-O
g6 9. d3 Bh6 10. Nbd2 O-O 11. Rb1 Re8 12. h4 Qa5 13. Qc1 Ng4 14. Rb5 Qc7 15. Ng5
f6 16. Nge4 f5 17. Ng5 f4 18. Nde4 a6 19. Rc5 fxg3 20. fxg3 Bf5 21. Rcxf5 gxf5
22. Rxf5 Ne3 23. Rf3 Nxg2 24. Kxg2 Ne5 25. Rf4 Qc6 26. Bb2 Rad8 27. Qa1 Qd7 28.
Qa5 Ng6 29. Rf3 Rf8 30. h5 Rxf3 31. Nxf3 Nf8 32. Bxd4 Ne6 33. Bc3 Rf8 34. Qb6
Bg7 35. Bxg7 Nxg7 36. h6 Nf5 37. Ne5 Qc8 38. g4 Nd6 39. Nxd6 Qe6 40. Qe3 Qf6 41.
Nf5 Kh8 42. Kh3 Rg8 43. Qd4 Rf8 44. Qe3 Rd8 45. d4 a5 46. d5 a4 47. Nxe7 a3 48.
Qd4 Rf8 49. d6 a2 50. d7 Qf1+ 51. Kh4 Qf6+ 52. Kg3 a1=Q 53. Nf7+ Rxf7 54. d8=Q+
Rf8 55. Qxf8# 1-0

[Event "FIDE World Rapid Team"]
[Site "London ENG"]
[Date "2025.06.11"]
[Round "3.2"]
[White "Krivenko, Dion"]
[Black "Roberson, Peter T"]
[Result "0-1"]
[WhiteTitle "FM"]
[BlackTitle "IM"]
[WhiteElo "2243"]
[BlackElo "2433"]
[WhiteTeam "OlalaStars"]
[BlackTeam "Sharks 4NCL"]
[WhiteFideId "4508378"]
[BlackFideId "412384"]
[EventDate "2025.06.11"]
[EventType "team"]

1. e4 e6 2. Qe2 Be7 3. Nf3 d5 4. d3 Nf6 5. g3 c5 6. Bg2 Nc6 7. O-O h6 8. Re1 b5
9. Nbd2 O-O 10. e5 Nh7 11. h4 f5 12. exf6 Nxf6 13. c4 Bd6 14. a3 Rb8 15. cxb5
Rxb5 16. d4 Rb7 17. dxc5 Bxc5 18. b4 Bb6 19. Nb3 e5 20. b5 Nd4 21. Nbxd4 exd4
22. Ne5 Re7 23. Qa2 Rfe8 24. Bf4 g5 25. hxg5 hxg5 26. Bxg5 Rxe5 27. Rxe5 Rxe5
28. Bxd5+ Qxd5 29. Bxf6 Re1+ 30. Kh2 Rh1+ 0-1

[Event "FIDE World Rapid Team"]
[Site "London ENG"]
[Date "2025.06.11"]
[Round "3.3"]
[White "Moreby, James"]
[Black "Sason, Noam"]
[Result "1/2-1/2"]
[WhiteTitle "FM"]
[WhiteElo "2320"]
[BlackElo "2153"]
[WhiteTeam "Sharks 4NCL"]
[BlackTeam "OlalaStars"]
[WhiteFideId "427756"]
[BlackFideId "371282346"]
[EventDate "2025.06.11"]
[EventType "team"]

1. c4 e5 2. Nc3 Nc6 3. Nf3 d6 4. d4 exd4 5. Nxd4 Nxd4 6. Qxd4 Nf6 7. e4 Be7 8.
Be2 O-O 9. O-O Be6 10. h3 Nd7 11. Be3 Bf6 12. Qd2 Nc5 13. f3 a5 14. b3 Be5 15.
Rad1 Qh4 16. Bf2 Qf6 17. Bd4 Qg6 18. Kh1 Qg3 19. Bxe5 dxe5 20. Qe1 Qxe1 21.
Rfxe1 c6 22. h4 Rfd8 23. g3 Rd4 24. Kg2 a4 25. b4 Na6 26. a3 Bxc4 27. Rxd4 exd4
28. Bxc4 dxc3 29. Bxa6 Rxa6 30. Rc1 Ra8 31. Rxc3 Rd8 32. Kf2 Rd2+ 33. Ke3 Rb2
34. Kd4 Kf8 35. Kc5 Ke7 36. Kb6 Rb3 37. Rc4 Rxa3 38. Kxb7 Rxf3 39. Kxc6 a3 40.
b5 a2 41. Ra4 Rc3+ 42. Kb7 Rc2 43. b6 Kd6 44. Ka7 Rb2 45. b7 Kc7 46. Rc4+ Kd7
47. Ra4 Kc7 48. Rc4+ Kd7 49. Ra4 Kc7 1/2-1/2

[Event "FIDE World Rapid Team"]
[Site "London ENG"]
[Date "2025.06.11"]
[Round "3.4"]
[White "Blokhin, Sofia"]
[Black "Hryshchenko, Kamila"]
[Result "0-1"]
[WhiteTitle "WFM"]
[BlackTitle "WFM"]
[WhiteElo "2057"]
[BlackElo "2097"]
[WhiteTeam "OlalaStars"]
[BlackTeam "Sharks 4NCL"]
[WhiteFideId "4508190"]
[BlackFideId "14147491"]
[EventDate "2025.06.11"]
[EventType "team"]

1. e4 b6 2. d4 Bb7 3. Nc3 e6 4. a3 Nf6 5. f3 d5 6. e5 Nfd7 7. Be3 c5 8. f4 Nc6
9. Nf3 a6 10. Be2 Be7 11. O-O O-O 12. Qd2 Na5 13. Rad1 Qc7 14. Qe1 b5 15. dxc5
Nc4 16. Bxc4 dxc4 17. Kh1 Nxc5 18. Qg3 Ne4 19. Nxe4 Bxe4 20. Nd4 Rfd8 21. c3 Rd5
22. f5 Bf8 23. fxe6 fxe6 24. Nxe6 Qxe5 25. Qxe5 Rxe5 26. Nc7 Rc8 27. Bf4 Rf5 28.
Nxa6 Bd3 29. Rf2 Re8 30. h3 g5 31. Bg3 Rxf2 32. Bxf2 Re2 33. Bc5 Bg7 34. Nb4 Be4
35. Rd8+ Kf7 36. Rd7+ Kg6 37. Bd4 Bxg2+ 38. Kg1 Bxd4+ 39. Rxd4 Rxb2 40. h4 Bf3
41. Rd6+ Kf5 42. hxg5 Kxg5 43. Rb6 h5 44. Rxb5+ Kg4 45. Rb8 Kg3 46. Na6 Rxb8 47.
Nxb8 h4 48. Nd7 h3 0-1